01525nam a22003494a 4500001001200000003000800012006001900020007001500039008004100054010001700095020003500112040002100147035002100168050002400189082001600213245010000229260003700329300003100366500005200397500003400449504006400483505013400547533015200681650002100833650004100854655002900895700002700924710006400951710001701015856012601032999001701158ebr10152593CaPaEBRm u cr cn|||||||||050523s2005 cauab sb 001 0 eng  z 2005014939 z0833038141 (pbk. : alk. paper) aCaPaEBRcCaPaEBR a(OCoLC)15431603714aHV7921b.E88 2005eb04a355.4/922200aEstablishing law and order after conflicth[electronic resource] /cSeth G. Jones ... [et al.]. aSanta Monica, CA :bRAND,c2005. axxix, 261 p. :bill., map. a"RAND Infrastructure, Safety, and Environment." a"MG-374-RC"--P. [4] of cover. aIncludes bibliographical references (p. 231-252) and index.0 aIntroduction -- A theory of reconstructing internal security -- Kosovo -- Afghanistan -- Iraq -- Measuring success -- Conclusion. aElectronic reproduction.bPalo Alto, Calif. :cebrary,d2013.nAvailable via World Wide Web.nAccess may be limited to ebrary affiliated libraries. 0aLaw enforcement. 0aCriminal justice, Administration of. 7aElectronic books.2local1 aJones, Seth G.,d1972-2 aRand Infrastructure, Safety, and Environment (Organization)2 aebrary, Inc.40uhttp://site.ebrary.com/lib/rucke/Doc?id=10152593zAn electronic book accessible through the World Wide Web; click to view c95596d95596